000 00864nam a22002657a 4500
001 BR2012007763
003 BR-BrBNA
005 20230928104055.0
007 ta
008 230509b bl.||||| |||| 00| 0 por d
040 _aBR-BrBNA
_bpor
_cBiblioteca Nacional de Agricultura
041 _a(Por)
072 _aE40
090 _ E40 BR2012007763
110 1 _aAssociação Rural e Comunitária para o Desenvolvimento Econômico social e Proteção Ambiental, Cacoal, RO (Brasil)
_91023
245 1 _aProjeto qualificar capacitando o cidadão para o futuro: associativismo e cooperativismo
260 3 _aCacoal, RO (Brasil):
_c[nd].
300 _a63 p.
500 _a55 illus.; 17 tables; Published 2010?
650 _aASSOCIAÇÃO RURAL
650 _aASSOCIATIVISMO
650 _aCOOPERATIVISMO
909 _a202309
_bLucia
_c55
_dLucia Elande
942 _cBK
999 _c77986
_d77986